Economic Reforms in Socialist Countries Poland and Hungary

Guardado en:
Detalles Bibliográficos
Formato: Libro
Lenguaje:inglés
Publicado: Lódz Uniwersytet 1986
Edición:1. ed.
Colección:Acta Universitatis Lodziensis 59
Etiquetas: Agregar Etiqueta
Sin Etiquetas, Sea el primero en etiquetar este registro!

MARC

LEADER 00000nam a2200000 4500
001 c028982
005 20221220071355.1
041 0 |a eng 
044 |a PL 
245 1 0 |a Economic Reforms in Socialist Countries Poland and Hungary 
250 |a 1. ed. 
264 1 |a Lódz  |b Uniwersytet  |c 1986 
300 |a 216 s. 
490 1 |a Acta Universitatis Lodziensis  |v 59 
830 0 |a Acta Universitatis Lodziensis  |v 59